000 00360nam a22001097a 4500
082 _a400
100 _aतार्सा द तासी
_984007
245 _aहिन्‍दुस्‍तानी भाषा और साहित्‍य 1850 -1860
260 _aनई दिल्‍ली
_bवाक
_c2021
650 _aभाषा
942 _cHIN
999 _c69025
_d69025